000
00335nam a22001457a 4500
008
230630b ||||| |||| 00| 0 eng d
020
_a
9780321969163
041
_a
eng
080
_2
SIXTH EDITION
_a
51
082
_a
51LIA
100
_a
23
101
_a
MATE
245
_a
BEGINNING AND INTERMEDIATE ALGEBRA
_c
LIAL
942
_2
udc
_c
BK
999
_c
60067
_d
60067